| 000 | 00491cam a2200193ua 4500 | ||
|---|---|---|---|
| 020 |
_a0 7069 2812 1 _c125.00 |
||
| 041 |
_aeng _h |
||
| 082 |
_a627.5 _bDAN/WA |
||
| 100 | _aDandekar, M M . | ||
| 245 |
_aWater power engineering / _cM M Dandekar. _hTextual Documents |
||
| 260 |
_aNew Delhi : _bVani Educational Books , _c1985. |
||
| 300 | _a ; . | ||
| 365 | _a125.00 | ||
| 504 | _a | ||
| 700 | 1 | _aShaema , K N . | |
| 942 | _cBK | ||
| 999 |
_c5666 _d5666 |
||